00487nam a2200157Ia 4500008004100000082001500041100001600056245001600072260002800088300000800116630001600124730001600140942000900156999001900165952014500184100122s9999 xx 000 0 und d b48441a823 aADRIAN JACK aDEATH LANDS bA GOLD EAGLE BOOKc1987 a380 aDEATH LANDS aDEATH LANDS cBOOK c374575d374572 00104070aSVPPARLEbSVPPARLEd1993-11-12g50.00l0o48441pSVPPARLE-48441r2010-01-25 00:00:00v50.00w2010-01-25yBOOKz", , General, NA"